| 000 | 00450nam a2200157Ia 4500 | ||
|---|---|---|---|
| 003 | GCL | ||
| 005 | 20240530103612.0 | ||
| 008 | 140319s9999 xx 000 0 ara d | ||
| 040 |
_aGCL / _cGCL |
||
| 082 | 0 | 4 |
_a301.2\ _bح ع |
| 100 | 1 | _aحسن الساعاتى | |
| 245 | 1 | 0 |
_aعلم الاجتماع الخلدونى : قواعد المنهج / _cحسن الساعاتى |
| 300 | _a204 ص | ||
| 650 | 0 | 4 | _aالاجتماع، علم |
| 942 |
_2ddc _cBK |
||
| 999 |
_c41055 _d41055 |
||